美人鱼 (Record no. 68813)

000 -LEADER
fixed length control field 00515nam a22001937a 4500
003 - CONTROL NUMBER IDENTIFIER
control field MPLRDC
005 - DATE AND TIME OF LATEST TRANSACTION
control field 20220105061111.0
008 - FIXED-LENGTH DATA ELEMENTS--GENERAL INFORMATION
fixed length control field 210129b ||||| |||| 00| 0 eng d
020 ## - INTERNATIONAL STANDARD BOOK NUMBER
International Standard Book Number 978-1-4748-3535-0
082 ## - DEWEY DECIMAL CLASSIFICATION NUMBER
Classification number 859.6 DIS-24 v.4
100 ## - MAIN ENTRY--PERSONAL NAME
Personal name
245 ## - TITLE STATEMENT
Title 美人鱼
Statement of responsibility, etc.
260 ## - PUBLICATION, DISTRIBUTION, ETC.
Place of publication, distribution, etc. 英国
Name of publisher, distributor, etc. PARRAGON BOOKS LTD, ADVANTAGE QUEST SDN BHD
Date of publication, distribution, etc. 2016
300 ## - PHYSICAL DESCRIPTION
Other physical details
490 ## - SERIES STATEMENT
Series statement DISNEY电影珍藏
520 ## - SUMMARY, ETC.
Summary, etc. 上架 2017-06-16。
650 ## - SUBJECT ADDED ENTRY--TOPICAL TERM
Topical term or geographic name entry element 儿童故事;儿童小说
942 ## - ADDED ENTRY ELEMENTS (KOHA)
Koha item type Book
-- 859.6 DIS-24 v.4

No items available.

© 2022. Malaysian Public Library, Research and Development Centre. All Right ReservedE-mailmplrdc@help.edu.my 

Powered by Koha